Algebra intermedia
Saved in:
| Main Authors: | , |
|---|---|
| Format: | Bog |
| Sprog: | spansk |
| Udgivet: |
Ciudad de México
Cengage Learning Editores
2006
|
| Udgivelse: | 7a. ed |
| Fag: | |
| Tags: |
Tilføj Tag
Ingen Tags, Vær først til at tagge denne postø!
|
MARC
| LEADER | 00000cam a2200000 a 4500 | ||
|---|---|---|---|
| 001 | UCG9522 | ||
| 003 | CL-VaPUC | ||
| 008 | 120316e20060000MX |||||||||||||||||spa|d | ||
| 020 | |a 9789706865533 | ||
| 082 | 0 | 4 | |a 512 |b GUS |2 21 |
| 100 | 0 | |a Gustafson, R. David |e author |9 561122 | |
| 700 | 0 | |a Frisk, Peter D |e author |9 561123 | |
| 245 | 1 | 0 | |a Algebra intermedia |
| 250 | |a 7a. ed | ||
| 300 | |a 729 p | ||
| 942 | |c BK | ||
| 945 | |d 20120316 00:00:00 |a dcastane | ||
| 260 | |a Ciudad de México |b Cengage Learning Editores |c 2006 | ||
| 500 | |a Incluye CD con material complementario | ||
| 650 | 0 | |a Álgebra |9 259567 | |
| 650 | 0 | |a Ecuaciones |9 260137 | |
| 650 | 0 | |a Polinomios |9 270626 | |
| 650 | 0 | |a Funciones (Matemáticas) |9 338128 | |
| 583 | |a last modification |c 20120320 01:14:23 |k Rodrigo Vera | ||
| 999 | |c 347070 |d 347068 | ||